01888nam a22001697a 450000500170000000800410001704000440005804100080010210000490011024501570015926000630031630000360037950008890041550503680130450600210167265000250169320220210140241.0220210s1885 enk||||fr|||| 00| edspa d aCO-BoUCMbspacSandra YazodSandra Yazo0 aspa aVergara y Vergara, José Maríad1831-187210aArtículos literarios de José María Vergara y Vergara. bPrimera serie. Con un retrato del autor y una noticia biográfica por D. José M. Samper aLondres (Inglaterra)bPublicado por Juan M. Fonnegrac1885 axix, 422 páginasc18 x 13 cm. aDetalles físicos: Encuadernación rígida: cartón forrado en tela. Lomo con adornos en dorado. Tapa delantera con recuadros de repujados y letras en dorado. En tapa posterior, repujado un escudo con un lema latino que dice: Industria, Virtus et Fortitudo. Guardas. Hoja de cortesía. Anteportada. Hoja de papel especial, con grabado sin firmar (retrato de José María Vergara y Vergara). Portada impresa en una sola tinta. Dedicatoria. Texto impreso en una sola columna con diversos tipos y tamaños de letra. Notas de pie de página. Índice. Daño en tela del lomo y en esquinas de tapas. Guardas (delanteras y posteriores), rotas. Desencuadernado. Papel bastante manchado. Residuos de cintas pegantes en lomo y tapas. En anteportada anotación a lápiz “José Gabriel Castro Silva”. En portada sello de tinta. Perteneció a la biblioteca de Mons. Castro Silva1 aDatos sobre J. María Vergara y Vergara ; Los buitres ; El pacto de unión ; En la Tesorería ; La felicidad ; Juicio crítico María ; Carta a Fernán Caballero ; El alma y el cuerpo ; El viento ; El humo ; El agua ; La luz ; La casa cural ; Don Antonio Nariño ; Consejos a una niña ; Martín Montenegro ; Una ópera nueva ; Colombia ; La política  aConsulta en sala 7aEnsayos colombianos